[Event "Postbauer Heng op"]
[Site "Bayern"]
[Date "1999.04.??"]
[Round "2"]
[White "Danzer, George"]
[Black "Zezulkin, Jurij"]
[Result "0-1"]
[WhiteElo "2246"]
[BlackElo "2473"]
[PlyCount "64"]
[EventDate "1999.??.??"]
[EventType "swiss"]
[EventRounds "9"]
[EventCountry "GER"]
[SourceTitle "EXT 2001"]
[Source "ChessBase"]
[SourceDate "2000.11.22"]
[SourceVersion "1"]
[SourceVersionDate "2000.11.22"]
[SourceQuality "1"]

1. c4 Nf6 2. Nc3 d5 3. cxd5 Nxd5 4. e3 g6 5. Bc4 Nb6 6. Bb3 c5 7. d4 cxd4 8. exd4 Bg7 9. Nf3 Nc6 10. 0-0 0-0 11. Re1 Bg4 12. Bg5 h6 13. Be3 Na5 14. Bc2 Nac4 15. Be4 Nxb2 16. Qe2 N2c4 17. Bxb7 Rb8 18. Ba6 Nxe3 19. fxe3 e5 20. Rad1 exd4 21. exd4 Re8 22. Qxe8+ Qxe8 23. Rxe8+ Rxe8 24. Kf2 Rd8 25. Ne2 Rd5 26. Rd2 Ra5 27. Bb7 Nc4 28. Rc2 Nd6 29. Bc6 Ra3 30. h3 Be6 31. Nc1 Bf5 32. Re2 Rc3 0-1